[Event "GM Round robin Orbis VII 2019"]
[Site "Hotel Orbis Paracin"]
[Date "2019.07.13"]
[Round "1.5"]
[White "Peng, Xiongjian"]
[Black "Lorparizangeneh, Shahin"]
[Result "1-0"]
[BlackElo "2494"]
[WhiteElo "2467"]
[LiveChessVersion "1.4.8"]

1. d4 {[%clk 1:30:23]} d5 {[%clk 1:30:38]} 2. c4 {[%clk 1:30:42]} c6
{[%clk 1:31:02]} 3. Nf3 {[%clk 1:31:03]} Nf6 {[%clk 1:31:28]} 4. Nc3
{[%clk 1:31:22]} e6 {[%clk 1:31:35]} 5. Bg5 {[%clk 1:31:38]} Nbd7
{[%clk 1:29:13]} 6. e3 {[%clk 1:29:37]} Qa5 {[%clk 1:29:23]} 7. Nd2
{[%clk 1:28:52]} Bb4 {[%clk 1:28:31]} 8. Qc2 {[%clk 1:27:49]} O-O
{[%clk 1:24:26]} 9. Be2 {[%clk 1:28:06]} e5 {[%clk 1:23:37]} 10. O-O
{[%clk 1:17:32]} exd4 {[%clk 1:23:47]} 11. Nb3 {[%clk 1:16:55]} Qb6
{[%clk 1:23:19]} 12. exd4 {[%clk 1:12:57]} dxc4 {[%clk 1:22:26]} 13. Bxc4
{[%clk 1:12:33]} a5 {[%clk 1:22:10]} 14. a3 {[%clk 1:07:09]} Bd6 {[%clk 1:18:15]}
15. Rad1 {[%clk 1:07:19]} a4 {[%clk 1:15:18]} 16. Nd2 {[%clk 1:04:20]} Qc7
{[%clk 1:07:40]} 17. h3 {[%clk 0:56:13]} Bh2+ {[%clk 0:51:37]} 18. Kh1
{[%clk 0:56:37]} Bf4 {[%clk 0:52:03]} 19. Bh4 {[%clk 0:55:49]} Nd5
{[%clk 0:47:05]} 20. Nde4 {[%clk 0:52:11]} N7b6 {[%clk 0:44:57]} 21. Ba2
{[%clk 0:52:29]} Kh8 {[%clk 0:34:22]} 22. Nc5 {[%clk 0:43:23]} Qd6
{[%clk 0:33:08]} 23. Bg3 {[%clk 0:39:09]} Bxg3 {[%clk 0:30:05]} 24. Nxd5
{[%clk 0:19:46]} Nxd5 {[%clk 0:29:04]} 25. Bxd5 {[%clk 0:20:00]} Qxd5
{[%clk 0:13:05]} 26. fxg3 {[%clk 0:20:24]} Bxh3 {[%clk 0:13:18]} 27. Rf4
{[%clk 0:20:50]} b6 {[%clk 0:11:53]} 28. Kh2 {[%clk 0:17:23]} Bxg2
{[%clk 0:09:09]} 29. Rh4 {[%clk 0:14:35]} h6 {[%clk 0:07:52]} 30. Qxg2
{[%clk 0:10:10]} Qxg2+ {[%clk 0:08:09]} 31. Kxg2 {[%clk 0:10:37]} bxc5
{[%clk 0:08:34]} 32. dxc5 {[%clk 0:10:59]} Rfe8 {[%clk 0:07:04]} 33. Kf3
{[%clk 0:08:58]} Ra5 {[%clk 0:06:24]} 34. Rd7 {[%clk 0:07:54]} Kg8
{[%clk 0:05:23]} 35. Rf4 {[%clk 0:08:06]} Rxc5 {[%clk 0:05:31]} 36. Rfxf7
{[%clk 0:08:11]} Rg5 {[%clk 0:05:24]} 37. Rde7 {[%clk 0:04:18]} Rd8
{[%clk 0:01:11]} 38. Rd7 {[%clk 0:04:37]} Re8 {[%clk 0:01:22]} 39. Rde7
{[%clk 0:05:01]} Rxe7 {[%clk 0:01:50]} 40. Rxe7 {[%clk 0:35:25]} Rf5+
{[%clk 0:32:14]} 41. Kg4 {[%clk 0:33:15]} Rg5+ {[%clk 0:28:31]} 42. Kf3
{[%clk 0:32:42]} Ra5 {[%clk 0:28:19]} 43. Rc7 {[%clk 0:30:38]} Rc5
{[%clk 0:28:24]} 44. Kf4 {[%clk 0:24:24]} Kh7 {[%clk 0:19:18]} 45. Ra7
{[%clk 0:23:41]} Rc4+ {[%clk 0:19:38]} 46. Kf5 {[%clk 0:24:06]} Rd4
{[%clk 0:19:41]} 47. Ra6 {[%clk 0:22:52]} Rd3 {[%clk 0:15:24]} 48. Kg4
{[%clk 0:22:27]} Rd4+ {[%clk 0:15:44]} 49. Kf5 {[%clk 0:22:50]} c5
{[%clk 0:16:08]} 50. Ra5 {[%clk 0:22:52]} Rc4 {[%clk 0:16:13]} 51. Ra7
{[%clk 0:22:44]} Rc2 {[%clk 0:16:12]} 52. Rxa4 {[%clk 0:21:33]} Rxb2
{[%clk 0:16:40]} 53. Rc4 {[%clk 0:21:30]} Rb3 {[%clk 0:15:27]} 54. Kg4
{[%clk 0:21:09]} Rb5 {[%clk 0:15:34]} 55. Kf3 {[%clk 0:19:15]} Kg6
{[%clk 0:15:36]} 56. a4 {[%clk 0:19:35]} Ra5 {[%clk 0:15:56]} 57. Ke4
{[%clk 0:19:18]} Kg5 {[%clk 0:15:42]} 58. Kd5 {[%clk 0:19:37]} Ra8
{[%clk 0:09:32]} 59. Kc6 {[%clk 0:17:38]} Rb8 {[%clk 0:09:51]} 60. a5
{[%clk 0:17:18]} Rb4 {[%clk 0:10:08]} 61. Kxc5 {[%clk 0:17:04]} Rb3
{[%clk 0:10:08]} 62. a6 {[%clk 0:07:17]} Rxg3 {[%clk 0:10:25]} 63. Ra4
{[%clk 0:06:23]} Rc3+ {[%clk 0:10:39]} 64. Kb6 {[%clk 0:06:45]} Rb3+
{[%clk 0:09:58]} 65. Kc7 {[%clk 0:05:14]} Rc3+ {[%clk 0:10:11]} 66. Kd7
{[%clk 0:05:39]} Rd3+ {[%clk 0:05:58]} 67. Ke7 {[%clk 0:05:59]} Rc3
{[%clk 0:02:33]} 68. a7 {[%clk 0:06:13]} Rc8 {[%clk 0:02:48]} 69. a8=Q
{[%clk 0:06:37]} Rxa8 {[%clk 0:03:16]} 70. Rxa8 {[%clk 0:07:00]} h5
{[%clk 0:03:42]} 71. Ke6 {[%clk 0:03:49]} h4 {[%clk 0:04:07]} 72. Ke5
{[%clk 0:02:08]} h3 {[%clk 0:03:31]} 73. Ke4 {[%clk 0:00:54]} Kg4
{[%clk 0:03:54]} 74. Ra2 {[%clk 0:00:43]} Kg3 {[%clk 0:03:39]} 75. Ra3+
{[%clk 0:01:07]} Kg2 {[%clk 0:03:25]} 76. Kf4 {[%clk 0:01:25]} h2
{[%clk 0:03:53]} 77. Ra2+ {[%clk 0:01:15]} Kh3 {[%clk 0:04:18]} 78. Ra1
{[%clk 0:01:34]} Kg2 {[%clk 0:04:39]} 79. Ra2+ {[%clk 0:00:58]} Kh3
{[%clk 0:05:03]} 80. Ra3+ {[%clk 0:01:22]} Kg2 {[%clk 0:05:27]} 81. Kg4
{[%clk 0:01:45]} h1=Q {[%clk 0:05:49]} 82. Ra2+ {[%clk 0:02:13]} Kg1
{[%clk 0:06:11]} 83. Kg3 {[%clk 0:01:43]} 1-0

[Event "GM Round robin Orbis VII 2019"]
[Site "Hotel Orbis Paracin"]
[Date "2019.07.17"]
[Round "6.1"]
[White "Lim, Zhuo Ren"]
[Black "Kosic, Dragan"]
[Result "0-1"]
[BlackElo "2482"]
[WhiteElo "2217"]
[LiveChessVersion "1.4.8"]

1. Nf3 c5 2. c4 Nf6 3. g3 Nc6 4. Nc3 e5 5. Bg2 d6 6. d3 h6 7. O-O Be7 8. a3 Bd7
9. Ne1 Qc8 10. Nc2 Bh3 11. Ne3 h5 12. Bxh3 Qxh3 13. f3 O-O 14. Rb1 Bd8 15. Rf2
Nd4 16. Ned5 Nxd5 17. Nxd5 a6 18. b4 cxb4 19. Rxb4 b5 20. cxb5 Qe6 21. e4 axb5
22. Be3 Nf5 23. Rxb5 Nxe3 24. Nxe3 Rxa3 25. Nc4 Ra6 26. f4 h4 27. fxe5 dxe5 28.
Rxe5 Qh3 29. Qf1 Qd7 30. Rd5 Qe6 31. Rb5 hxg3 32. hxg3 Qg4 33. Kg2 Bc7 34. e5 Qd7
35. Rbb2 Qd5+ 36. Kg1 Bxe5 37. Nxe5 Qxe5 38. Rg2 Qd4+ 39. Qf2 Qxd3 40. Re2 Ra1+
41. Re1 Rxe1+ 42. Qxe1 Rb8 43. Rd2 Qf3 44. Re2 Rb3 45. Kh2 Kh7 46. Qf2 Qh5+ 47.
Kg1 Rxg3+ 48. Qxg3 Qxe2 49. Qh4+ Kg6 50. Qg3+ Kf5 51. Qxg7 Qg4+ 0-1

[Event "GM Round robin Orbis VII 2019"]
[Site "Hotel Orbis Paracin"]
[Date "2019.07.17"]
[Round "6.2"]
[White "Nie, Xinyang"]
[Black "Savic, Miodrag R"]
[Result "1-0"]
[BlackElo "2503"]
[WhiteElo "2375"]
[LiveChessVersion "1.4.8"]

1. e4 {[%clk 1:30:54]} d5 {[%clk 1:29:29]} 2. exd5 {[%clk 1:30:56]} Qxd5
{[%clk 1:29:57]} 3. Nc3 {[%clk 1:31:18]} Qa5 {[%clk 1:29:20]} 4. d4
{[%clk 1:31:43]} c6 {[%clk 1:29:38]} 5. Bd2 {[%clk 1:32:01]} Nf6 {[%clk 1:24:23]}
6. Bd3 {[%clk 1:31:56]} Qb6 {[%clk 1:23:32]} 7. Nge2 {[%clk 1:30:11]} Bg4
{[%clk 1:20:39]} 8. f3 {[%clk 1:28:18]} Bh5 {[%clk 1:20:52]} 9. Be3
{[%clk 1:22:12]} Bg6 {[%clk 1:19:54]} 10. Bf2 {[%clk 1:18:46]} Bxd3
{[%clk 1:16:50]} 11. Qxd3 {[%clk 1:19:10]} Qa6 {[%clk 1:17:04]} 12. Qd2
{[%clk 0:44:00]} e6 {[%clk 1:16:24]} 13. O-O {[%clk 0:42:24]} Nbd7
{[%clk 1:11:02]} 14. Ne4 {[%clk 0:41:43]} Be7 {[%clk 1:11:03]} 15. Rfc1
{[%clk 0:39:13]} Rd8 {[%clk 1:04:46]} 16. c4 {[%clk 0:34:04]} O-O
{[%clk 1:03:48]} 17. Qc3 {[%clk 0:34:23]} b6 {[%clk 0:56:20]} 18. Nf4
{[%clk 0:31:26]} Nxe4 {[%clk 0:41:48]} 19. fxe4 {[%clk 0:31:49]} Bg5
{[%clk 0:41:34]} 20. Qg3 {[%clk 0:19:19]} Bxf4 {[%clk 0:38:01]} 21. Qxf4
{[%clk 0:19:48]} e5 {[%clk 0:38:30]} 22. dxe5 {[%clk 0:18:21]} Rde8
{[%clk 0:38:32]} 23. Bd4 {[%clk 0:12:56]} Re6 {[%clk 0:33:43]} 24. b3
{[%clk 0:11:55]} Qb7 {[%clk 0:29:47]} 25. Rf1 {[%clk 0:11:07]} Qb8
{[%clk 0:27:26]} 26. Rad1 {[%clk 0:10:52]} Qe8 {[%clk 0:27:30]} 27. Qg3
{[%clk 0:10:39]} c5 {[%clk 0:19:38]} 28. Bc3 {[%clk 0:10:26]} Nxe5
{[%clk 0:19:53]} 29. Rf5 {[%clk 0:09:25]} Ng6 {[%clk 0:18:11]} 30. e5
{[%clk 0:07:35]} Qe7 {[%clk 0:15:13]} 31. Rg5 {[%clk 0:08:01]} h6
{[%clk 0:14:30]} 32. Rg4 {[%clk 0:08:27]} Rd8 {[%clk 0:12:57]} 33. Rd5
{[%clk 0:08:35]} h5 {[%clk 0:11:21]} 34. Rg5 {[%clk 0:07:39]} h4 {[%clk 0:11:50]}
35. Qg4 {[%clk 0:08:04]} Re8 {[%clk 0:08:41]} 36. g3 {[%clk 0:06:10]} Qf8
{[%clk 0:03:28]} 37. gxh4 {[%clk 0:06:18]} Ne7 {[%clk 0:03:56]} 38. h5
{[%clk 0:05:39]} Nxd5 {[%clk 0:01:16]} 39. cxd5 {[%clk 0:06:05]} Rh6
{[%clk 0:00:51]} 40. e6 {[%clk 0:36:11]} f6 {[%clk 0:30:47]} 41. Rg6
{[%clk 0:34:59]} Rxg6 {[%clk 0:29:36]} 42. hxg6 {[%clk 0:35:25]} Qd6
{[%clk 0:28:44]} 43. Qh5 {[%clk 0:35:43]} Kf8 {[%clk 0:20:14]} 44. Bxf6
{[%clk 0:33:54]} gxf6 {[%clk 0:20:17]} 45. Qh7 {[%clk 0:34:20]} Re7
{[%clk 0:19:27]} 46. Qh8# {[%clk 0:34:45]} 1-0

[Event "GM Round robin Orbis VII 2019"]
[Site "Hotel Orbis Paracin"]
[Date "2019.07.17"]
[Round "6.3"]
[White "Eswaran, Ashritha"]
[Black "Lorparizangeneh, Shahin"]
[Result "0-1"]
[BlackElo "2494"]
[WhiteElo "2257"]
[LiveChessVersion "1.4.8"]

1. e4 {[%clk 1:30:57]} c6 {[%clk 1:27:11]} 2. d4 {[%clk 1:31:10]} d5
{[%clk 1:27:35]} 3. Nc3 {[%clk 1:31:25]} dxe4 {[%clk 1:27:56]} 4. Nxe4
{[%clk 1:31:42]} Bf5 {[%clk 1:28:09]} 5. Ng3 {[%clk 1:32:04]} Bg6
{[%clk 1:28:33]} 6. f4 {[%clk 1:32:06]} e6 {[%clk 1:27:48]} 7. Nf3
{[%clk 1:31:46]} Bd6 {[%clk 1:25:50]} 8. Bd3 {[%clk 1:29:19]} Qc7
{[%clk 1:24:02]} 9. Ne5 {[%clk 1:26:01]} Nf6 {[%clk 1:22:50]} 10. O-O
{[%clk 1:17:46]} O-O {[%clk 1:22:06]} 11. Qe2 {[%clk 1:14:58]} Nbd7
{[%clk 1:09:40]} 12. Kh1 {[%clk 1:01:48]} c5 {[%clk 1:00:28]} 13. Nxd7
{[%clk 0:52:52]} Nxd7 {[%clk 0:52:16]} 14. dxc5 {[%clk 0:43:57]} Nxc5
{[%clk 0:51:39]} 15. Bxg6 {[%clk 0:44:08]} hxg6 {[%clk 0:52:03]} 16. Be3
{[%clk 0:43:56]} Rfd8 {[%clk 0:48:53]} 17. c4 {[%clk 0:39:12]} Be7
{[%clk 0:46:27]} 18. Rfd1 {[%clk 0:37:59]} Na4 {[%clk 0:34:45]} 19. Ne4
{[%clk 0:28:00]} e5 {[%clk 0:31:11]} 20. Rf1 {[%clk 0:20:25]} Qc6
{[%clk 0:29:19]} 21. Nf2 {[%clk 0:18:32]} exf4 {[%clk 0:24:30]} 22. Bxf4
{[%clk 0:17:57]} Bf6 {[%clk 0:24:47]} 23. Nd1 {[%clk 0:16:03]} Rd4
{[%clk 0:20:01]} 24. Ne3 {[%clk 0:09:44]} Re8 {[%clk 0:20:00]} 25. Rae1
{[%clk 0:08:19]} Nxb2 {[%clk 0:19:17]} 26. Qxb2 {[%clk 0:05:18]} Rxf4
{[%clk 0:19:37]} 27. Qb3 {[%clk 0:05:26]} Rfe4 {[%clk 0:19:01]} 28. Nc2
{[%clk 0:05:08]} Re2 {[%clk 0:18:34]} 29. Rxe2 {[%clk 0:04:47]} Rxe2
{[%clk 0:19:01]} 30. Rf3 {[%clk 0:04:27]} Qe4 {[%clk 0:18:21]} 31. Ne3
{[%clk 0:03:41]} Re1+ {[%clk 0:18:33]} 32. Nf1 {[%clk 0:03:55]} Qe2
{[%clk 0:18:50]} 33. Kg1 {[%clk 0:04:06]} Bd4+ {[%clk 0:19:10]} 0-1

[Event "GM Round robin Orbis VII 2019"]
[Site "Hotel Orbis Paracin"]
[Date "2019.07.17"]
[Round "6.4"]
[White "Audi, Ameya"]
[Black "Peng, Xiongjian"]
[Result "0-1"]
[BlackElo "2467"]
[WhiteElo "2328"]
[LiveChessVersion "1.4.8"]

1. e4 {[%clk 1:30:58]} c5 {[%clk 1:30:46]} 2. Nf3 {[%clk 1:31:19]} d6
{[%clk 1:31:09]} 3. d4 {[%clk 1:31:45]} cxd4 {[%clk 1:31:31]} 4. Nxd4
{[%clk 1:32:11]} Nf6 {[%clk 1:31:55]} 5. Nc3 {[%clk 1:32:36]} a6 {[%clk 1:32:20]}
6. Be3 {[%clk 1:33:02]} e5 {[%clk 1:32:44]} 7. Nb3 {[%clk 1:33:28]} Be7
{[%clk 1:32:54]} 8. f3 {[%clk 1:33:53]} Be6 {[%clk 1:33:19]} 9. Qd2
{[%clk 1:34:20]} O-O {[%clk 1:33:41]} 10. O-O-O {[%clk 1:34:46]} a5
{[%clk 1:34:03]} 11. Kb1 {[%clk 1:33:39]} a4 {[%clk 1:33:57]} 12. Nc1
{[%clk 1:34:05]} Ra5 {[%clk 1:34:16]} 13. g4 {[%clk 1:27:06]} d5 {[%clk 1:24:50]}
14. g5 {[%clk 1:27:11]} Nxe4 {[%clk 1:24:24]} 15. fxe4 {[%clk 1:13:08]} d4
{[%clk 1:24:15]} 16. Qe1 {[%clk 1:13:36]} Bb4 {[%clk 1:04:57]} 17. Bf2
{[%clk 0:42:07]} a3 {[%clk 0:58:18]} 18. Nd3 {[%clk 0:41:14]} Nc6
{[%clk 0:45:36]} 19. Nxb4 {[%clk 0:30:54]} Nxb4 {[%clk 0:46:01]} 20. Nd5
{[%clk 0:31:20]} Nxd5 {[%clk 0:44:18]} 21. exd5 {[%clk 0:31:42]} Bxd5
{[%clk 0:42:28]} 22. b4 {[%clk 0:31:49]} Qb6 {[%clk 0:36:41]} 23. Rg1
{[%clk 0:28:31]} Rc8 {[%clk 0:34:18]} 24. c3 {[%clk 0:22:20]} Rac5
{[%clk 0:34:15]} 25. Rg3 {[%clk 0:18:52]} R5c7 {[%clk 0:19:48]} 26. Qxe5
{[%clk 0:17:58]} Rxc3 {[%clk 0:18:27]} 27. Rxc3 {[%clk 0:18:26]} Qxb4+
{[%clk 0:18:03]} 28. Rb3 {[%clk 0:18:54]} Bxb3 {[%clk 0:18:25]} 29. Qxd4
{[%clk 0:19:10]} Bc2+ {[%clk 0:16:01]} 30. Ka1 {[%clk 0:19:38]} Qb2+
{[%clk 0:16:20]} 31. Qxb2 {[%clk 0:18:21]} axb2+ {[%clk 0:16:43]} 32. Kxb2
{[%clk 0:18:47]} Bxd1 {[%clk 0:17:08]} 33. Bd3 {[%clk 0:17:02]} Bf3
{[%clk 0:17:29]} 34. a4 {[%clk 0:17:09]} Ra8 {[%clk 0:17:18]} 35. Bb5
{[%clk 0:16:34]} Bd1 {[%clk 0:17:38]} 36. Ka3 {[%clk 0:15:01]} Bxa4
{[%clk 0:18:00]} 37. Kb4 {[%clk 0:15:28]} Bxb5 {[%clk 0:18:21]} 38. Kxb5
{[%clk 0:15:57]} Ra2 {[%clk 0:18:41]} 0-1

[Event "GM Round robin Orbis VII 2019"]
[Site "Hotel Orbis Paracin"]
[Date "2019.07.17"]
[Round "6.5"]
[White "Lee, Jun Hyeok"]
[Black "Djordjevic, Vuk"]
[Result "1-0"]
[BlackElo "2412"]
[WhiteElo "2383"]
[LiveChessVersion "1.4.8"]

1. e4 {[%clk 1:30:56]} e6 {[%clk 1:30:53]} 2. d4 {[%clk 1:31:17]} d5
{[%clk 1:31:18]} 3. e5 {[%clk 1:31:40]} c5 {[%clk 1:31:42]} 4. c3
{[%clk 1:32:02]} Nc6 {[%clk 1:32:07]} 5. Nf3 {[%clk 1:32:26]} Qb6
{[%clk 1:32:30]} 6. a3 {[%clk 1:32:41]} Nh6 {[%clk 1:32:37]} 7. b4
{[%clk 1:32:57]} cxd4 {[%clk 1:33:02]} 8. Bxh6 {[%clk 1:33:20]} gxh6
{[%clk 1:33:25]} 9. cxd4 {[%clk 1:33:46]} Rg8 {[%clk 1:30:23]} 10. Nc3
{[%clk 1:32:50]} Bd7 {[%clk 1:25:56]} 11. Na4 {[%clk 1:30:53]} Qd8
{[%clk 1:24:34]} 12. g3 {[%clk 1:25:36]} Na5 {[%clk 1:08:27]} 13. Bd3
{[%clk 1:09:07]} Nc4 {[%clk 0:59:50]} 14. O-O {[%clk 1:09:23]} a5
{[%clk 0:54:24]} 15. Nc5 {[%clk 0:56:19]} Bc6 {[%clk 0:46:15]} 16. Bxh7
{[%clk 0:51:07]} Rg7 {[%clk 0:45:57]} 17. Bc2 {[%clk 0:51:07]} Qb6
{[%clk 0:42:58]} 18. Nd3 {[%clk 0:44:33]} Rc8 {[%clk 0:38:01]} 19. Nf4
{[%clk 0:41:08]} Be7 {[%clk 0:37:25]} 20. Nh5 {[%clk 0:40:27]} Rg8
{[%clk 0:37:31]} 21. Qd3 {[%clk 0:36:22]} Rh8 {[%clk 0:31:43]} 22. bxa5
{[%clk 0:31:51]} Qxa5 {[%clk 0:31:15]} 23. a4 {[%clk 0:28:45]} Bd7
{[%clk 0:25:22]} 24. Rfb1 {[%clk 0:26:59]} Qc7 {[%clk 0:24:23]} 25. Bd1
{[%clk 0:24:14]} Na5 {[%clk 0:17:48]} 26. Qd2 {[%clk 0:23:35]} Qc3
{[%clk 0:16:09]} 27. Qf4 {[%clk 0:19:52]} Qd3 {[%clk 0:15:52]} 28. Nf6+
{[%clk 0:19:04]} Kd8 {[%clk 0:14:42]} 29. Ne1 {[%clk 0:12:55]} Qc3
{[%clk 0:14:06]} 30. Nf3 {[%clk 0:10:18]} Bc6 {[%clk 0:13:06]} 31. h4
{[%clk 0:09:06]} Nc4 {[%clk 0:11:37]} 32. Rc1 {[%clk 0:05:34]} Qd3
{[%clk 0:08:45]} 33. Rcb1 {[%clk 0:04:58]} Kc7 {[%clk 0:08:45]} 34. Rb3
{[%clk 0:04:10]} Qg6 {[%clk 0:08:14]} 35. Rc3 {[%clk 0:04:10]} Ra8
{[%clk 0:07:29]} 36. Bc2 {[%clk 0:04:29]} Qg7 {[%clk 0:07:57]} 37. Bb3
{[%clk 0:03:13]} Bb4 {[%clk 0:05:44]} 38. Rcc1 {[%clk 0:02:55]} Nb6
{[%clk 0:03:01]} 39. Ne1 {[%clk 0:01:57]} Bxe1 {[%clk 0:03:01]} 40. Rxe1
{[%clk 0:24:17]} Ra5 {[%clk 0:22:51]} 41. Rec1 {[%clk 0:18:07]} Rha8 42. Rab1
{[%clk 0:14:46]} Kd8 {[%clk 0:11:01]} 43. Qd2 {[%clk 0:14:46]} Qf8
{[%clk 0:09:44]} 44. Qc3 {[%clk 0:15:12]} Qa3 {[%clk 0:08:04]} 45. Ra1 Qf8
{[%clk 0:06:32]} 46. h5 {[%clk 0:10:25]} Nd7 {[%clk 0:06:32]} 47. Ng4
{[%clk 0:08:41]} Qg7 {[%clk 0:06:40]} 48. Bd1 Qg5 49. Qb4 Rxa4 50. f4 Qg7 51.
Rxa4 Bxa4 52. Qxb7 Bxd1 53. Qxa8+ Ke7 54. Qa3+ Kd8 55. Qa5+ Ke7 56. Rc8 Qxg4 57.
Qd8# 1-0